<?xml version="1.0" encoding="UTF-8"?>
<collection xmlns="http://www.loc.gov/MARC21/slim">
  <record>
    <leader>00000nam  2200000   4500</leader>
    <controlfield tag="001">INLIS000000000012266</controlfield>
    <controlfield tag="005">20220418093041</controlfield>
    <datafield tag="035" ind1="#" ind2="#">
      <subfield code="a">0010-0422000148</subfield>
    </datafield>
    <datafield tag="245" ind1="1" ind2="#">
      <subfield code="a">SISTEM INFORMASI TERINTEGRASI : LAPORAN EVALUASI RENCANA KERJA, PERJANJIAN KINERJA, LAPORAN PENGUKURAN KINERJA, LAPORAN AKHIR TAHUN, DAN LAPORAN PROGRES FISIK DAN KEUANGAN (Si Ringkas) DINAS KESEHATAN KABUPATEN KUTAI TIMUR /</subfield>
      <subfield code="c">Ery Muhammad Shadikin, SKM</subfield>
    </datafield>
    <datafield tag="100" ind1="1" ind2="#">
      <subfield code="a">SHADIKIN, Ery Muhammad</subfield>
    </datafield>
    <datafield tag="250" ind1="#" ind2="#">
      <subfield code="a">1</subfield>
    </datafield>
    <datafield tag="300" ind1="#" ind2="#">
      <subfield code="a">xii, 34 halaman; lampiran :</subfield>
      <subfield code="b">ilustrasi ;</subfield>
      <subfield code="c">30 cm</subfield>
    </datafield>
    <datafield tag="260" ind1="#" ind2="#">
      <subfield code="a">Samarinda :</subfield>
      <subfield code="b">Puslatbang KDOD,</subfield>
      <subfield code="c">2021</subfield>
    </datafield>
    <datafield tag="084" ind1="#" ind2="#">
      <subfield code="a">PKP 248 2021</subfield>
    </datafield>
    <datafield tag="650" ind1="#" ind2="4">
      <subfield code="a">Proyek Perubahan</subfield>
    </datafield>
    <datafield tag="650" ind1="#" ind2="4">
      <subfield code="a">Kepemimpinan Pengawas</subfield>
    </datafield>
    <datafield tag="650" ind1="#" ind2="4">
      <subfield code="a">teknologi informasi</subfield>
    </datafield>
    <datafield tag="650" ind1="#" ind2="4">
      <subfield code="a">sistem informasi</subfield>
    </datafield>
    <datafield tag="650" ind1="#" ind2="4">
      <subfield code="a">manajemen database</subfield>
    </datafield>
    <datafield tag="650" ind1="#" ind2="4">
      <subfield code="a">aplikasi pemerintah</subfield>
    </datafield>
    <datafield tag="650" ind1="#" ind2="4">
      <subfield code="a">kinerja pegawai</subfield>
    </datafield>
    <datafield tag="520" ind1="#" ind2="#">
      <subfield code="a">Laporan proyek perubahan ini menjelaskan dalam proses pengukuran kinerja Dinas Kesehatan terdapat beberapa format pelaporan saling berhubungan satu sama lain. Proyek perubahan Sistem Informasi Terintegrasi Si Ringkas merupakan sebuah desain aplikasi menggabungkan kebutuhan kelima format pelaporan sehingga proses pekerjaan dapat dilakukan dengan mudah dan akurasi data lebih terjaga serta menghindari redudancy data secara efisien. Kinerja organisasi lebih cepat dengan risiko kesalahan dalam pengolahan data dapat di minimalisir serta konsistensi data kinerja.</subfield>
    </datafield>
    <datafield tag="520" ind1="#" ind2="#">
      <subfield code="a">Coach : M. Abdi Rahman, S.Sos, M.Si&#13;
Penguji : Dr. Rahmat, MA&#13;
Mentor : Hariyati, SE, M.Kes</subfield>
    </datafield>
    <controlfield tag="008">220418################|##########|#|##</controlfield>
    <datafield tag="990" ind1="#" ind2="#">
      <subfield code="a">PKP/248/2021</subfield>
    </datafield>
  </record>
</collection>
